Rights of the girl child in India: Struggle for existence and well-being (Record no. 394564)
[ view plain ]
| 000 -LEADER | |
|---|---|
| fixed length control field | 00564 a2200205 4500 |
| 005 - DATE & TIME | |
| control field | 20260213163610.0 |
| 008 - FIXED-LENGTH DATA ELEMENTS--GENERAL INFORMATION | |
| fixed length control field | 260213b |||||||| |||| 00| 0 eng d |
| 020 ## - ISBN | |
| International Standard Book Number | 9781032962887 |
| Price | Rs. 1295.00 |
| 040 ## - CATALOGING SOURCE | |
| Original cataloging agency | VIVEKANANDA LIBRARY |
| 082 ## - DDC NUMBER | |
| Classification number | 305.3230820954 |
| Book Number | N292R |
| 100 ## - MAIN ENTRY--PERSONAL NAME | |
| Personal name | Nitu Kumari |
| 245 ## - TITLE STATEMENT | |
| Title | Rights of the girl child in India: Struggle for existence and well-being |
| 250 ## - EDITION STATEMENT | |
| Edition statement | 2nd |
| 260 ## - PUBLICATION, DISTRIBUTION, ETC. (IMPRINT) | |
| Name of publisher, distributor, etc | Routledge |
| Date of publication, distribution, etc | 2025 |
| Place of publication, distribution, etc | Oxon |
| 300 ## - PHYSICAL DESCRIPTION | |
| Pages | xii, 158 |
| 650 ## - Subject | |
| Subject | Sociology |
| 650 ## - Subject | |
| Subject | Civil and Political Rights |
| 650 ## - Subject | |
| Subject | Rights of Children |
| 942 ## - ADDED ENTRY ELEMENTS (KOHA) | |
| Koha item type | Books |
| Withdrawn status | Lost status | Source of classification or shelving scheme | Damaged status | Not for loan | Location (home branch) | Sublocation or collection (holding branch) | Shelving location | Date acquired | Koha issues (times borrowed) | Koha full call number | Accession No. | Koha date last seen | Koha item type |
|---|---|---|---|---|---|---|---|---|---|---|---|---|---|
| Dewey Decimal Classification | VIVEKANANDA LIBRARY | VIVEKANANDA LIBRARY | Vivekananda Library | 22/01/2026 | 305.3230820954 N292R | 444452 | 22/01/2026 | Books |
